Cyclic phenomena for composition operators

Saved in:
Bibliographic Details
Main Author: Bourdon, Paul
Other Authors: Shapiro, Joel H.
Format: Book
Language:English
Published: Providence, Rhode island : American Mathematical Society, c1997
Series:Memoirs of the American Mathematical Society ; ; 596
Subjects:
Tags: Add Tag
No Tags, Be the first to tag this record!

MARC

LEADER 00000nam a2200000 i 4500
001 1/90354
008 990924s1997 eng d
020 |a 0821806300 
035 |l 10053069 
040 |a GR-MY-UA  |b gre  |e aacr 
041 0 |a eng 
082 0 |a 515.7246 
100 1 |a Bourdon, Paul. 
245 1 0 |a Cyclic phenomena for composition operators /  |c Paul S. Bourdon, Joel H. Shapiro 
260 |a Providence, Rhode island :   |b American Mathematical Society,   |c c1997 
300 |a ix, 105 p.;  |b ill.;  |c 26 cm. 
490 1 |a Memoirs of the American Mathematical Society  |v ; 596 
500 |a Includes bibliographical references 
500 |a Volume 125, number 596 (second of 5 numbers) 
650 0 0 |a Composition operators. 
700 1 |a Shapiro, Joel H. 
830 0 |a Memoirs of the American Mathematical Society ;  |v ; 596 
852 |a INST  |b SAMOS  |e 19990924  |h 515.7246 BOU  |p 005300012210  |q 005300012210  |t BK  |y 0 
901 |a BIBL3-1999-3 
909 |a Σ  |b 063472 
922 |a 3ΕΛΗ  |b 199907  |c ΕΠΕΑΕΚ/ΜΑΘ  |d ΠΑΠΑΣΩΤΗΡΙΟΥ 
970 |z 1999/09/24  |a ΓΕΝΟΥΖΟΥ  |b ΧΡΥΣΑΝΘΗ